000 00581nam a2200229Ia 4500
005 20260320202033.0
008 008 262003s9999 xx 000 0 eng d
037 _aEBOOK
040 _aCRL
040 _beng
040 _cCRL
041 _2eng
041 _aeng
084 _qCRL
100 _aMunro
245 0 _aHuman-in-the-Loop Machine Learning: Active learning and annotation for human-centered AI
260 _bIEEE
856 _uhttps://ieeexplore.ieee.org/servlet/opac?bknumber=10280384
942 _cEBOOK
999 _c1724951
_d1724951